000 00575nam a2200193Ia 4500
005 20260120131159.0
008 008 260114s9999 xx 000 0 eng d
020 _a9780191795824
037 _aEBOOK
040 _aCRL
_beng
_cCRL
041 _aeng
_2eng
084 _qCRL
100 _aSchierup, Munck, Likic-Brboric, Neergaard
_9923921
245 0 _aMigration, Precarity, and Global Governance
260 _bOxford University PressOxford University Press
_c2015
856 _uhttps://academic.oup.com/book/26660
942 _cEBOOK
999 _c1515835
_d1515835